|
|
|
|
| LEADER |
01590nam a2200469 a 4500 |
| 001 |
000566239 |
| 003 |
CZ BrMZK |
| 005 |
20090805112725.0 |
| 007 |
ta |
| 008 |
010907s2001 xr e f cze d |
| 015 |
|
|
|a cnb001171233
|
| 020 |
|
|
|a 80-7192-421-0
|
| 035 |
|
|
|a (OCoLC)237066860
|
| 040 |
|
|
|a BOA001
|b cze
|
| 072 |
|
7 |
|a 27-5
|x Liturgie. Křesťanské umění a symbolika. Duchovní život
|2 Konspekt
|9 5
|
| 080 |
|
|
|a 27-248.42
|2 MRF
|
| 080 |
|
|
|a 27-1/-9
|2 MRF
|
| 080 |
|
|
|a 27-277
|2 MRF
|
| 080 |
|
|
|a 27-184
|2 MRF
|
| 080 |
|
|
|a 2-312.6-584.5
|2 MRF
|
| 080 |
|
|
|a 27-584.5
|2 MRF
|
| 080 |
|
|
|a 27-766
|2 MRF
|
| 080 |
|
|
|a (0:82-4)
|2 MRF
|
| 080 |
|
|
|a (035)
|2 MRF
|
| 100 |
1 |
|
|a Cantalamessa, Raniero,
|d 1934-
|7 jn19990001318
|4 aut
|
| 245 |
1 |
0 |
|a Život pod vládou Kristovou /
|c Raniero Cantalamessa
|
| 250 |
|
|
|a 2. přeprac. vyd.
|
| 260 |
|
|
|a Kostelní Vydří :
|b Karmelitánské nakladatelství,
|c 2001
|
| 300 |
|
|
|a 215 s. ;
|c 21 cm
|
| 630 |
0 |
7 |
|a Bible.
|p Římanům
|7 unn2006374710
|2 czenas
|
| 650 |
0 |
7 |
|a křesťanské učení
|7 ph122129
|2 czenas
|
| 650 |
0 |
7 |
|a biblická interpretace
|7 ph118847
|2 czenas
|
| 650 |
0 |
7 |
|a Bůh a člověk
|7 ph116953
|2 czenas
|
| 650 |
0 |
7 |
|a vnitřní konverze
|7 ph127150
|2 czenas
|
| 650 |
0 |
7 |
|a duchovní cesta
|7 ph119626
|2 czenas
|
| 650 |
0 |
7 |
|a evangelizace
|7 ph120046
|2 czenas
|
| 655 |
|
7 |
|a úvahy
|7 fd134000
|2 czenas
|
| 655 |
|
7 |
|a příručky
|7 fd133209
|2 czenas
|
| 765 |
0 |
|
|t <<La >>vita in Cristo
|
| 910 |
|
|
|a BOA001
|b 2-1087.949
|
| 990 |
|
|
|a BK
|
| 996 |
6 |
|
|b 2610138583
|c 2-1087.949
|l MZK
|r Sklad / do 1 hodiny
|n 1
|p p.v.
|w 000566239
|u 000010
|a 1
|e BOA001
|j MZK50
|s P
|